000 00299nam a22001337a 4500
008 170508b xxu||||| |||| 00| 0 eng d
020 _a0314066888
041 _aeng
080 _a34
100 _a15
101 _aSHJ
245 _aLAWYERING PRACTICE AND PLANNING
_cHAYDOCK, R.S
942 _2udc
_cBK
999 _c12931
_d12931